| 000 | 01279nam a2200241 a 4500 | ||
|---|---|---|---|
| 005 | 20250329170941.0 | ||
| 006 | m d | ||
| 007 | cr cnu---uuuuu | ||
| 008 | 221021s2013 s 000 0 eng d | ||
| 040 |
_aCO-CtgCURN _bspa _ccoctgcurn |
||
| 082 | 0 | 4 |
_a303.609 _bC397 |
| 100 | 1 | _aCentro Nacional de Memoria Histórica. | |
| 245 | 1 | 0 |
_aÇa suffit! _h[electronic resource] : _bColombie: mémoires de guerre et de dignité / _cCentro Nacional de Memoria Histórica; traducción al frances: Nelson Vallejo Gómez _dTitulo original: Basta ya! Colombia: memorias de guerra y dignidad. |
| 260 |
_aBogotá : _bCentro Nacional de Memoria Histórica, _c2013. |
||
| 300 | _a27 páginas. | ||
| 500 | _aInclute anexo: estadísticas del conflicto armado en Colombia. | ||
| 650 | 0 | _aConflicto armado. | |
| 650 | 0 | _aViolencia. | |
| 700 | 1 |
_aVallejo Gómez, Nelson, _dTraductor. |
|
| 856 | 7 |
_uhttps://unicurn.sharepoint.com/sites/biblioteca/Conservacin/Forms/AllItems.aspx?id=%2Fsites%2Fbiblioteca%2FConservacin%2Fkoha%2FLibros%2FBasta%20ya%20%2D%20frances%2Epdf&parent=%2Fsites%2Fbiblioteca%2FConservacin%2Fkoha%2FLibros&p=true&ga=1 _zClick para ver el texto completo |
|
| 942 |
_cCF _2ddc _h303.609 _iC397 |
||
| 999 |
_c6861 _d6861 |
||